Serbiens Nachbarstaaten - Statistiken

Allgemein
  • Dieses Quiz wurde 23 mal gespielt
  • Das Durchschnittsergebnis liegt bei 7 aus 8
Antwortstatistiken
Nachbarstaaten % Korrekt
Bosnien und Herzegowina
95%
Kosovo
95%
Kroatien
95%
Rumänien
95%
Ungarn
95%
Montenegro
91%
Nordmazedonien
91%
Bulgarien
86%
Keine übereinstimmenden Quizze gefunden
Verteilung der Resultate
Anzahl Personen mit jedem Resultat
Perzentil nach korrekt beantworteten Fragen
Ihre Resultats-Entwicklung
Sie haben dieses Quiz noch nicht gespielt